01858nam a2200373 a 4500001001200000003000800012006001900020007001500039008004100054010001700095020002800112040002100140035002000161050002500181082001600206245011600222260005500338300001700393490014000410500019500550504005100745533015200796650002300948650001700971650002800988650002401016655002901040700001901069700002101088710001701109711010101126830013101227856012601358ebr10014686CaPaEBRm u cr cn|||||||||010202s2001 ne sb 001 0 eng  z 2001025185 z1588110478 (alk. paper) aCaPaEBRcCaPaEBR a(OCoLC)7076721114aP95.455b.N44 2001eb04a401/.4122100aNegotiation and power in dialogic interactionh[electronic resource] /cedited by Edda Weigand, Marcelo Dascal. aAmsterdam ;aPhiladelphia :bJ. Benjamins,cc2001. aviii, 294 p.1 aAmsterdam studies in the theory and history of linguistic science. Series IV, Current issues in linguistic theory,x0304-0763 ;vv. 214 aThis volume contains a selection of papers presented at the International Conference on Pragmatics and Negotiation at Tel Aviv University and the Hebrew University of Jerusalem in June 1999. aIncludes bibliographical references and index. aElectronic reproduction.bPalo Alto, Calif. :cebrary,d2013.nAvailable via World Wide Web.nAccess may be limited to ebrary affiliated libraries. 0aDialogue analysis. 0aNegotiation. 0aPower (Social sciences) 0aSocial interaction. 7aElectronic books.2local1 aWeigand, Edda.1 aDascal, Marcelo.2 aebrary, Inc.2 aInternational Conference on Pragmatics and Negotiationd(1999 :cTel Aviv, Israel and Jerusalem) 0aAmsterdam studies in the theory and history of linguistic science.nSeries IV,pCurrent issues in linguistic theory ;vv. 214.40uhttp://site.ebrary.com/lib/rucke/Doc?id=10014686zAn electronic book accessible through the World Wide Web; click to view